000 nam a22 a 4500
999 _c171293
_d171293
003 BLK
005 20220620155523.0
008 180411b bul|||||r ||||||| ||bul||
040 _aBLK
041 _aBUL
_cBUL
080 _aБългарска литература
_b821.163.2
_x-93-1
_z821.163.2-93-1
100 1 _aРудников, Иван
_eпърви автор
_gТодоров, Иван Стефанов
_9117252
139 _aРудников, Иван
_bР 91
245 1 0 _aПесента се ражда с утрото
_bСтихове за юноши
_cИван Рудников.
257 _aBGR
260 _bНар. младеж
_c1969
_aСофия
300 _a87 с.
_bс рис.
_c20 см
380 _aDX
500 _aИва Рудников - псевд. на Иван Стефанов Тодоров.
700 1 _aТодоров, Иван Стефанов
_9316342
852 _aЦб 48282
_bЦб
856 4 _qpdf
856 4 _qpdf
942 _cKNG
_n0
_s1
944 _aCR
_c11.08.2015
_kНаталия_Любомирова
944 _aED
_c2022-06-20
_kКети
999 _d171293
999 _d171293